| 000 | 00340nam a22001337a 4500 | ||
|---|---|---|---|
| 008 | 250404b |||||||| |||| 00| 0 eng d | ||
| 020 | _a8121903408 | ||
| 050 |
_aJF 2051 _b.B33 |
||
| 100 | _aBhagwan Vishnoo | ||
| 245 | _aPublic Administration | ||
| 260 |
_aNew Delhi _bNirja Publishers & Printers Ltd _c1961 |
||
| 300 | _a694p. | ||
| 942 | _cBK | ||
| 999 |
_c2853 _d2853 |
||